KOHA-Header-6

Introduction to Information Systems Project Management (Record no. 6597)

000 -LEADER
fixed length control field 00265nam a2200109Ia 4500
020 ## - INTERNATIONAL STANDARD BOOK NUMBER
ISBN 978-0071232616
100 ## - MAIN ENTRY--AUTHOR NAME
Personal name David L. Olson
245 #0 - TITLE STATEMENT
Title Introduction to Information Systems Project Management
260 ## - PUBLICATION, DISTRIBUTION, ETC. (IMPRINT)
Place of publication USA
Name of publisher McGraw Hill
Year of publication 2001
300 ## - PHYSICAL DESCRIPTION
Number of Pages 279
942 ## - ADDED ENTRY ELEMENTS (KOHA)
Koha item type Books
Holdings
Withdrawn status Lost status Collection code Permanent Location Current Location Shelving location Date acquired Full call number Accession Number Koha item type
    Management MAJU MAJU   2019-09-07 331.1 2701 Management

Powered by Koha